000 00515nam a2200181Ia 4500
005 20250508160038.0
008 008 250505s9999 xx 000 0 eng d
037 _aTextual
040 _aFEDL
_beng
_cFEDL
041 _aeng
_2eng
084 _a379, AME
_qFEDL
245 0 _aAnnals of the American academy of political and social science
245 4 _cThe Public School and Other Community Services
260 _c1955
300 _a215p.
942 _cTEXL
_h379, AME
999 _c1361388
_d1361388